two color flags - Statistics

General Stats
  • This quiz has been taken 25 times
  • The average score is 14 of 16
Answer Stats
Picture Answer % Correct
canada
100%
china
100%
greece
100%
japan
100%
sweden
100%
albania
95%
denmark
95%
finland
95%
israel
95%
switzerland
90%
bangladesh
85%
georgia
85%
vietnam
80%
palau
65%
tonga
50%
turkiye
30%
No matching quizzes found
Score Distribution
Percent of People with Each Score
Percentile by Number Answered
Your Score History
You have not taken this quiz